Statistieken voor Landen van de Wereld met Letter E

Klik hier om de quiz te nemen!

Algemene statistieken

  • Deze quiz is 19 keer genomen
  • De gemiddelde score is 76 van 114

Antwoordstatistieken

Antwoord% Correct
Albanië
89%
België
89%
Griekenland
89%
Luxemburg
89%
Nederland
89%
Spanje
89%
Algerije
78%
Argentinië
78%
Australië
78%
Brazilië
78%
Bulgarije
78%
Democratische Republiek Congo
78%
Ecuador
78%
Egypte
78%
Estland
78%
Hongarije
78%
Ierland
78%
Indonesië
78%
Kenia
78%
Letland
78%
Libie
78%
Maldiven
78%
Micronesia
78%
Montenegro
78%
Namibië
78%
Nepal
78%
Nieuw-Zeeland
78%
Noord-Macedonië
78%
Noorwegen
78%
Oekraïne
78%
Polen
78%
Republiek Congo
78%
Roemenië
78%
Saoedi-Arabië
78%
Senegal
78%
Slovenië
78%
Suriname
78%
Tunesië
78%
Turkije
78%
Verenigd Koninkrijk
78%
Zweden
78%
Armenië
67%
Azerbeidzjan
67%
Belarus
67%
Benin
67%
Bosnië en Herzegovina
67%
Comoren
67%
Dominicaanse Republiek
67%
El Salvador
67%
Ethiopië
67%
Filipijnen
67%
Georgië
67%
Grenada
67%
Guinee
67%
Israël
67%
Italië
67%
Jemen
67%
Kaapverdië
67%
Kirgizië
67%
Kroatië
67%
Liechtenstein
67%
Litouwen
67%
Mongolië
67%
Mozambique
67%
Noord-Korea
67%
Oeganda
67%
Oostenrijk
67%
Saint Kitts en Nevis
67%
Saint Vincent en de Grenadines
67%
Servië
67%
Slowakije
67%
Soedan
67%
Somalië
67%
Tsjechië
67%
Turkmenistan
67%
Verenigde Staten
67%
Vietnam
67%
Zimbabwe
67%
Zuid-Korea
67%
Zuid-Soedan
67%
Zwitserland
67%
Denemarken
56%
Equatoriaal-Guinea
56%
Eritrea
56%
Guatemala
56%
Guinee-Bissau
56%
Jordanië
56%
Koeweit
56%
Lesotho
56%
Liberia
56%
Marshalleilanden
56%
Mauritanië
56%
Mexico
56%
Peru
56%
Salomonseilanden
56%
Seychellen
56%
Sierra Leone
56%
Venezuela
56%
Verenigde Arabische Emiraten
56%
Bangladesh
44%
Belize
44%
Brunei
44%
Centraal-Afrikaanse Republiek
44%
Kameroen
44%
Moldavië
44%
Niger
44%
Nigeria
44%
Oezbekistan
44%
Papoea-Nieuw-Guinea
44%
Sao Tomé en Principe
44%
Singapore
44%
Syrië
44%
Bahrein
33%
Maleisië
33%

Scoreverdeling

Percentiel versus Aantal Correcte Antwoorden

Procent van Mensen met Elke Score

Uw Scoregeschiedenis

U heeft deze quiz nog niet genomen